| 000 | 01357nam a2200277 u 4500 | ||
|---|---|---|---|
| 005 | 20220824085356.0 | ||
| 008 | 191113s2001 mx ao r 000 0 spa d | ||
| 020 | _a9683689310 | ||
| 035 | _aUPN01000234026 | ||
| 040 |
_aMX-MxUPN _bspa _cMX-MxUPN |
||
| 050 |
_aPQ7082 P76 _bP75 2001 |
||
| 245 | 0 | 3 |
_aLa producción simbólica en la América colonial : _binterrelación de la literatura y las artes / _cJosé Pascual Buxó, editor ; con la colaboración de Dalia Hernández Reyes, Dalmacio Rodríguez Hernández. |
| 250 | _aPrimera edición | ||
| 260 |
_aMéxico : _bUniversidad Nacional Autónoma de México, Instituto de Investigaciones Bibliográficas, Seminario de Cultura Literaria Novohispana : _bConsejo Nacional de Ciencia y Tecnología, _c2001. |
||
| 300 |
_a600 páginas : _bilustraciones, fotografías en blanco y negro |
||
| 490 |
_aSerie Estudios de cultura literaria novohispana ; _v15 |
||
| 650 | 0 |
_945504 _aProsa hispanoamericana _yHasta 1800 _xHistoria y crítica |
|
| 650 | 0 |
_945505 _aLiteratura y sociedad _zAmérica Latina |
|
| 650 | 2 |
_910445 _aSimbolismo en la literatura |
|
| 700 | 1 |
_aBuxó, José Pascual, _d1931- _eeditor _945500 |
|
| 700 | 1 |
_aHernández Reyes, Dalia _ecolaboradora _945502 |
|
| 700 | 1 |
_aRodríguez Hernández, Dalmacio _ecolaborador _945503 |
|
| 905 | _aLibro | ||
| 942 |
_n0 _cLIBRO _2lcc |
||
| 999 |
_c206121 _d206121 |
||